[Event "Ile et Vilaine-ch"]
[Site "Ile et Vilaine"]
[Date "2003.05.25"]
[Round "5"]
[White "Sibille, Roland"]
[Black "Lenoir, Pierre"]
[Result "0-1"]
[WhiteElo "1499"]
[BlackElo "1190"]
[PlyCount "76"]
[EventDate "2002.10.19"]
[EventType "swiss"]
[EventRounds "7"]
[EventCountry "FRA"]
[SourceTitle "EXT 2008"]
[Source "ChessBase"]
[SourceDate "2007.11.25"]
[SourceVersion "1"]
[SourceVersionDate "2007.11.25"]
[SourceQuality "1"]

1. d4 d5 2. e3 Nf6 3. c3 Bf5 4. Na3 a6 5. b4 e6 6. Nb1 Be7 7. a4 0-0 8. a5 Ne4 9. g3 Nf6 10. Nf3 Bg4 11. Na3 c6 12. c4 Bxb4+ 13. Bd2 Bxd2+ 14. Qxd2 Bxf3 15. Rg1 b5 16. c5 Ne4 17. Qb4 Qe7 18. h4 Re8 19. g4 Qxh4 20. Ra2 Bxg4 21. Rg2 e5 22. Nxb5 axb5 23. Bxb5 cxb5 24. Qxb5 Rf8 25. Rc2 Rc8 26. Qb7 Nc6 27. Qd7 Qe7 28. Qxd5 exd4 29. Qh5 Bxh5 30. Rh2 Bg6 31. f3 Nxc5 32. Rcd2 Qxe3+ 33. Rde2 Qc3+ 34. Kf2 f6 35. Kg3 Re8 36. Ref2 Ne4+ 37. Kg2 Nxf2 38. Kxf2 Qc2+ 0-1

[Event "Ile et Vilaine-ch"]
[Site "Ile et Vilaine"]
[Date "2003.03.22"]
[Round "7"]
[White "Sibille, Roland"]
[Black "Charbit, Eric"]
[Result "0-1"]
[WhiteElo "1499"]
[BlackElo "1100"]
[PlyCount "78"]
[EventDate "2002.10.19"]
[EventType "swiss"]
[EventRounds "7"]
[EventCountry "FRA"]
[SourceTitle "EXT 2008"]
[Source "ChessBase"]
[SourceDate "2007.11.25"]
[SourceVersion "1"]
[SourceVersionDate "2007.11.25"]
[SourceQuality "1"]

1. e4 b6 2. Nc3 Bb7 3. d4 e6 4. Nf3 Bb4 5. Bd2 Bxc3 6. Bxc3 Bxe4 7. Bd3 Bxf3 8. Qxf3 Nc6 9. 0-0-0 d5 10. Qe3 Qe7 11. a3 a5 12. Bb5 Qd6 13. g3 Nf6 14. f3 0-0 15. g4 Rfe8 16. g5 Nd7 17. Be1 e5 18. Bg3 Nxd4 19. Ba4 Qc5 20. Qc3 Ne2+ 21. Kd2 Nxc3 22. bxc3 b5 23. Bb3 a4 24. Ba2 c6 25. Ke2 e4 26. Bf2 exf3+ 27. Kxf3 Qxc3+ 28. Rd3 Ne5+ 29. Kg2 Nxd3 30. Bb1 Nxf2 31. Kxf2 Qd2+ 32. Kf3 Re3+ 33. Kg4 g6 34. Rf1 Qe2+ 35. Kf4 Re4+ 36. Kg3 Qxf1 37. Ba2 Re3+ 38. Kg4 Qe2+ 39. Kh4 Qh5# 0-1

[Event "Ile et Vilaine-ch"]
[Site "Ile et Vilaine"]
[Date "2002.11.30"]
[Round "3"]
[White "Sibille, Roland"]
[Black "Marquer, Frederic"]
[Result "1-0"]
[WhiteElo "1499"]
[BlackElo "1199"]
[PlyCount "65"]
[EventDate "2002.10.19"]
[EventType "swiss"]
[EventRounds "7"]
[EventCountry "FRA"]
[SourceTitle "EXT 2008"]
[Source "ChessBase"]
[SourceDate "2007.11.25"]
[SourceVersion "1"]
[SourceVersionDate "2007.11.25"]
[SourceQuality "1"]

1. d4 d5 2. e3 Nf6 3. Nf3 Bg4 4. Be2 e6 5. 0-0 Nc6 6. Ne5 Bxe2 7. Qxe2 Bd6 8. f4 0-0 9. g4 Bxe5 10. g5 Bd6 11. gxf6 Qxf6 12. Rf3 Qd8 13. Rg3 f5 14. Qh5 g6 15. Qh6 Nb4 16. Rh3 Rf7 17. a3 Nxc2 18. Ra2 Qf8 19. Qh4 c5 20. b4 cxd4 21. Rxc2 Rc8 22. Qf2 dxe3 23. Bxe3 Rfc7 24. Bc5 b6 25. Bd4 Rxc2 26. Nd2 Bxf4 27. Qxf4 Ra2 28. Re3 Qe8 29. h4 Rcc2 30. Nf1 Rg2+ 31. Kh1 Rgf2 32. Qe5 Qc8 33. Qg7# 1-0